Loading...
| Science - Biology | 0 | 4 | 0 | 0 | 40 | 54 | 68.25 | 0 | 2 | 0.00 | 0.00 |
| Literature - American | 0 | 3 | 0 | 2 | 30 | 74 | 95.00 | 0 | 0 | 0.00 | 0.00 |
| Fine Arts - Other | 0 | 3 | 0 | 2 | 30 | 28 | 68.33 | 0 | 1 | 0.00 | 0.00 |
| Fine Arts - Classical Music | 0 | 2 | 0 | 0 | 20 | 86 | 94.50 | 0 | 0 | 0.00 | 0.00 |
| Painting/Sculpture | 0 | 1 | 0 | 1 | 10 | 99 | 99.00 | 0 | 0 | 0.00 | 0.00 |
| Literature - British | 0 | 1 | 0 | 0 | 10 | 56 | 56.00 | 1 | 1 | 0.00 | 0.00 |
| Religion | 0 | 1 | 0 | 0 | 10 | 58 | 58.00 | 0 | 0 | 0.00 | 0.00 |
| Science - Chemistry | 0 | 1 | 0 | 0 | 10 | 92 | 92.00 | 0 | 0 | 0.00 | 0.00 |
| Science - Other | 0 | 1 | 0 | 0 | 10 | 61 | 61.00 | 0 | 0 | 0.00 | 0.00 |
| Literature - European | 0 | 0 | 0 | 0 | 0 | 0.00 | 0 | 0 | 0.00 | 0.00 | |
| Social Science | 0 | 0 | 1 | 0 | -5 | 0.00 | 0 | 0 | 0.00 | 0.00 |